Depth psychology : meditations from the field /

Bibliographic Details
Other Authors: Slattery, Dennis Patrick, 1944-, Corbett, Lionel
Format: Book
Language:English
Published: Einsiedeln, Switzerland : Carpinteria, CA : Daimon ; Pacifica Graduate Institute, [2000]
Subjects:

MARC

Tag First Indicator Second Indicator Subfields
LEADER 00000cam a2200000Ia 4500
001 in00001601913
005 20151023052530.0
008 001117s2000 sz 001 0 eng d
020 |a 3856305971 
035 |a (OCoLC)ocm45383767 
040 |a IVD  |c IVD  |d TXA  |d UtOrBLW 
049 |a TXAM 
090 |a RC489.M43  |b D46 2000 
245 0 0 |a Depth psychology :  |b meditations from the field /  |c edited by Dennis Patrick Slattery, Ph.D. and Lionel Corbett, M.D. 
264 1 |a Einsiedeln, Switzerland :  |b Daimon ;  |a Carpinteria, CA :  |b Pacifica Graduate Institute,  |c [2000] 
264 4 |c ©2000 
300 |a 273 pages ;  |c 23 cm. 
336 |a text  |b txt  |2 rdacontent 
337 |a unmediated  |b n  |2 rdamedia 
338 |a volume  |b nc  |2 rdacarrier 
504 |a Includes bibliographical references and index. 
500 |a "Essays from Pacifica Graduate Institute" 
650 0 |a Psychoanalysis. 
650 0 |a Meditations. 
650 0 |a Psychotherapy. 
650 0 |a Mind and body therapies. 
650 0 |a Personal construct therapy. 
700 1 |a Slattery, Dennis Patrick,  |d 1944- 
700 1 |a Corbett, Lionel. 
948 |a cataloged  |b h  |c 2001/5/7  |d eneff 
994 |a E0  |b TXA 
999 |a MARS 
999 f f |s 497569ae-8b43-36fe-8672-021e6af69f59  |i a943efb5-10c1-302b-b65c-c1fbec9b8f46  |t 0 
952 f f |p ric  |a Texas A&M University  |b Rellis Campus  |c Joint Library Facility  |d Remote Storage  |t 0  |e RC489.M43 D46 2000  |h Library of Congress classification  |i unmediated -- volume  |m A14827669602 
998 f f |a RC489.M43 D46 2000  |t 0  |l Remote Storage